00000000nam 2200000za 4500
0019.847013
003CaOODSP
00520221107153337
007cr |||||||||||
008171109q1989    onc     os   f000 0 eng d
040 |aCaOODSP|beng
043 |an-cn---
0861 |aCS11-0020/1989E-PDF
24500|aGeneral Social Survey - preliminary data |h[electronic resource] : |bcycle 3 : personal risk.
260 |a[Ottawa] : |bStatistics Canada, |c[1989?]
300 |a11 p. + |e12 tables on 12 sheets
500 |aCover title.
500 |aChiefly tables.
500 |aDigitized edition from print [produced by Statistics Canada].
530 |aIssued also in print format.
61020|aGeneral Social Survey (Canada)
69207|2gccst|aInjuries
69207|2gccst|aCrime
69207|2gccst|aVictims
69207|2gccst|aStatistics
69207|2gccst|aSocial surveys
7102 |aStatistics Canada.
85640|qPDF|s4.38 MB|uhttps://publications.gc.ca/collections/collection_2017/statcan/CS11-0020-1989-eng.pdf
986 |a11F0020